Logo biblioteca
Santa Fe 2917, Rosario, Santa Fe
Lu-Vi 8 a 19.45
+54-341-4232362
bibliotecaeudoro@gmail.com
Facebook Biblioteca Pedagógica
Sitio web

Territorios rurales y escuela infantil : (Registro nro. 32480)

Detalles MARC
000 -CABECERA
campo fijo de control de longitud 01341nab a2200241 4500
003 - IDENTIFICADOR DEL NÚMERO DE CONTROL
campo de control AR-RoBPED
005 - FECHA Y HORADE LA ULTIMA TRANSACCION
campo de control 20260331085158.0
008 - ELEMENTOS DE LONGITUD FIJA--INFORMACION GENERAL
campo fijo de control de longitud 260331b |||||||| |||| 00| 0 spa d
040 ## - FUENTE CATALOGADORA
Centro catalogador/agencia de origen AR-RoBPED
041 ## - IDIOMA
Código de idioma para texto/pista de sonido o título independiente spa
100 1# - ENCABEZAMIENTO PRINCIPAL--AUTOR PERSONAL
Nombre de persona Rimoli, María del Carmen
9 (RLIN) 26365
Función Profesora en Ciencias de la Educación y en Educación Inicial
245 1# - TITULO
Título Territorios rurales y escuela infantil :
Subtítulo el desafío de repensar tiempos y espacios /
260 ## - PUBLICACION
Lugar Buenos Aires :
Editor Noveduc,
Fecha 2025
300 ## - DESCRIPCION FISICA
Extensión 55-59 p.
500 ## - NOTA GENERAL
Nota general La autora reflexiona sobre distintas concepciones del tiempo y el espacio en la vida escolar, y subraya la necesidad de desnaturalizar el modelo homogéneo de la escuela graduada urbana. A partir de esta puesta en tensión, propone considerar la multiedad y los agrupamientos flexibles como ejes articuladores en la definición de políticas para la ruralidad, atendiendo especialmente a la experiencia de pluralidad, de lo público y de atención de las diferencias.
650 #7 - TERMINO DE MATERIA--CONTROLADO
Término controlado EDUCACION RURAL
9 (RLIN) 1115
Término controlado ESCUELAS RURALES
9 (RLIN) 880
Término controlado INCLUSION EDUCATIVA
9 (RLIN) 19761
Término controlado ALUMNOS
9 (RLIN) 762
773 0# - DOCUMENTO FUENTE
Host Biblionumber 20414
Host Itemnumber 41863
Place, publisher, and date of publication Buenos Aires : Noveduc, 1993-
Título Novedades Educativas
Record control number (AR-RoBPED)20414
International Standard Serial Number 03283534
942 ## - ELEMENTOS KOHA
Fuente de clasificación Universal Decimal Classification
Koha tipo de ítem Revistas
Clasificación 37(05)
Signatura librística Nov 86 N° 403 (Ago.2025)
Número Koha k.32480
945 ## - PROCESAMIENTO DE LA INFORMACIÓN LOCAL
Catalogador y fecha mar 03/2026

No hay ítems disponibles.